Νέοι [και] ποιότητα ζωής στον δήμο Ζωγράφου

Saved in:
Bibliographic Details
Main Author: Χατζηγεωργίου, Αγγέλα
Corporate Author: Πανεπιστήμιο Αιγαίου Σχολή Κοινωνικών Επιστημών Τμήμα Κοινωνιολογίας Μεταπτυχιακό Πρόγραμμα Σπουδών Έρευνα Εφαρμοσμένη στην Ανάπτυξη Καινοτόμων Τοπικών και Περιφερειακών Πολιτικών και την Κοινωνική Συνοχή
Other Authors: Ζήση, Αναστασία (Thesis advisor)
Format: Thesis Book
Language:Greek
Published: 2009
Subjects:
Online Access:http://hdl.handle.net/11610/11913
Tags: Add Tag
No Tags, Be the first to tag this record!

MARC

LEADER 00000cam a2200000 i 4500
001 1/6678
008 100420s2009 gre d
035 |l 10107595 
040 |a GR-MY-UA  |b gre  |e aacr 
041 0 |a gre 
082 0 |a 306.09495  |2 (22) 
100 1 |a Χατζηγεωργίου, Αγγέλα. 
245 1 0 |a Νέοι [και] ποιότητα ζωής στον δήμο Ζωγράφου /  |c Χατζηγεωργίου Αγγέλα ; επιβλέπουσα καθηγήτρια: Ζήση Αναστασία 
246 3 3 |a Νέοι & ποιότητα ζωής στον δήμο Ζωγράφου 
260 |c 2009 
300 |a 209 σ.;  |b πιν.;  |c 30 εκ. 
500 |a Βιβλιογραφία: σ. 140-154 
502 |a Διατριβή (μεταπτυχιακή) – Πανεπιστήμιο Αιγαίου, Λέσβος, 2009. 
650 0 |a Youth  |x Conduct of life  |z Greece  |z Zographou. 
650 0 0 |a Quality of life  |z Greece  |z Zographou. 
650 0 |a Youth  |z Greece  |z Zographou  |x Attitudes. 
650 0 |a Youth  |z Greece  |z Zographou  |x Social conditions. 
650 0 0 |a Dissertations, Academic  |z Greece. 
700 1 |4 ths  |a Ζήση, Αναστασία. 
710 2 |a Πανεπιστήμιο Αιγαίου  |b Σχολή Κοινωνικών Επιστημών  |b Τμήμα Κοινωνιολογίας  |b Μεταπτυχιακό Πρόγραμμα Σπουδών Έρευνα Εφαρμοσμένη στην Ανάπτυξη Καινοτόμων Τοπικών και Περιφερειακών Πολιτικών και την Κοινωνική Συνοχή. 
852 |a INST  |b LESVOS  |c DIATR  |e 20100420  |h 103  |p 005100046195  |q 005100046195  |t MTXE  |y 23 
852 |a INST  |b LESVOS  |c DIATR  |e 20100420  |h 104  |p 005100046194  |q 005100046194  |t MTXE  |y 23 
856 |u http://hdl.handle.net/11610/11913 
901 |a BIBL1-2010-1 
909 |a Λ  |b 162856 
909 |a Λ  |b 162857 
924 |a ΧΑΤΖΗΓΕΩΡΓΙΟΥ  |b ΑΓΓΕΛΑ  |y ΛΕΣΒΟΣ  |z 2009-11 
970 |a ΤΖΑΦΕΡΗ  |b ΕΥΑΓΓΕΛΙΑ  |z 2010/04/20